| 000 | 00000nam##2200000za#4500 |
| 001 | 9.696501 |
| 003 | CaOODSP |
| 005 | 20210624235049 |
| 007 | cr ||||||||||| |
| 008 | 150407|1997||||xxc|||||o f|0| 0 eng|d |
| 040 | |aCaOODSP|beng |
| 043 | |an-cn--- |
| 086 | 1 |aCP32-67/1997E-PDF |
| 110 | 1 |aCanada.|bPrivy Council. |
| 245 | 13|aLa Relève - a commitment to action / |h[electronic resource]|c[by] Jocelyne Bourgon. |
| 260 | |aOttawa - Ontario : |bPrivy Council |c[1997]. |
| 300 | |a131p.|btables |
| 500 | |aThe catalogue number (CP32-67/1997) for the bilingual print edition has been incorrectly copied in this electronic publication. |
| 590 | |a12-35-Supp|b2012-08-09 |
| 690 | 07|aPersonnel management|2gcpds |
| 690 | 07|aPublic service|2gcpds |
| 690 | 07|aReform|2gcpds |
| 720 | 1 |aBourgon, Jocelyne |
| 775 | 08|tLa Relève - un parti pris pour l'action / |w(CaOODSP)9.640615 |
| 776 | 0#|tLa Relève--a commitment to action : |w(CaOODSP)9.659639 |
| 776 | 0#|tLa Relève--un parti pris pour l'action : |w(CaOODSP)9.659640 |
| 856 | 40|ahttp://publications.gc.ca|qPDF|s678 KB|uhttps://publications.gc.ca/collections/collection_2012/bcp-pco/CP32-67-1997-eng.pdf |